ბათუმის შოთა რუსთაველის სახელმწიფო უნივერსიტეტის ბიბლიოთეკა

Социология управления.Фундаментальный курс (ბიბ.ჩანაწერი № 35096)

000 -LEADER
fixed length control field 00676nam a2200229Ia 4500
001 - CONTROL NUMBER
control field 937
003 - CONTROL NUMBER IDENTIFIER
control field GE_BSU
008 - FIXED-LENGTH DATA ELEMENTS--GENERAL INFORMATION
fixed length control field 181216s||||||||xx |||||||||||||| ||und||
020 ## - INTERNATIONAL STANDARD BOOK NUMBER
International Standard Book Number 5829105381
040 ## - CATALOGING SOURCE
Transcribing agency GE_BSU
080 ## - UNIVERSAL DECIMAL CLASSIFICATION NUMBER
Universal Decimal Classification number 316.65.0(075.8)
100 ## - MAIN ENTRY--PERSONAL NAME
Personal name Кравченко,А.И.;Тюрина,И.О.
245 ## - TITLE STATEMENT
Title Социология управления.Фундаментальный курс
245 ## - TITLE STATEMENT
Remainder of title Уч-у пособ. для вузов
260 ## - PUBLICATION, DISTRIBUTION, ETC.
Place of publication, distribution, etc. Москва
260 ## - PUBLICATION, DISTRIBUTION, ETC.
Name of publisher, distributor, etc. Академический проспект
260 ## - PUBLICATION, DISTRIBUTION, ETC.
Date of publication, distribution, etc. 2005
300 ## - PHYSICAL DESCRIPTION
Extent 1136стр.
653 ## - INDEX TERM--UNCONTROLLED
Uncontrolled term Социология управления
942 ## - ADDED ENTRY ELEMENTS (KOHA)
Koha item type წიგნი
ეგზემპლარები
Withdrawn status Lost status Damaged status Not for loan Date acquired Barcode Date last seen Price effective from Koha item type
        2018-12-17 844 2018-12-17 2018-12-17 წიგნი